|
|
|
|
| LEADER |
00000nam a22000007a 4500 |
| 005 |
20210513233628.0 |
| 007 |
cr|||| |||| |
| 008 |
210513s2014 co |||||s|||| 00||0 spa d |
| 020 |
|
|
|a 9789587623277
|
| 035 |
|
|
|a 33394
|
| 040 |
|
|
|a vLex
|
| 090 |
|
|
|c 11656
|d 11656
|
| 100 |
1 |
|
|a Jaramillo Restrepo, Diego
|
| 245 |
1 |
0 |
|a Innovacin̤
|h [Recurso electrn̤ico] :
|b Hacia una sociedad creadora de soluciones t︢iles - 2da. Edicin̤ ampliada /
|c Diego Jaramillo Restrepo
|
| 250 |
|
|
|a 2da. Edicin̤
|
| 256 |
|
|
|a Servicio en ln̕ea
|
| 260 |
|
|
|a Bogot:̀
|b Ediciones de la U,
|c 2014
|
| 300 |
|
|
|a 1 recurso electrn̤ico
|
| 500 |
|
|
|a La segunda edicin̤ agrega cinco capt̕ulos que consideramos de especial importancia para aquellos que estň o deseen prepararse en el campo de la innovacin̤ sistemt̀ica y que šta no se quede en innovaciones de carc̀ter marginal o menor. Estos capt̕ulos agregados son: 1). Observar. 2). Indagar. 3). Diseǫ de productos y servicios y su papel en la innovacin̤ sistemt̀ica 4). Eficacia en las decisiones relacionadas con el diseǫ y lanzamiento de productos. 5). Mejoramiento continuo de los trabajadores del conocimiento y su diferencia con el mejoramiento continuo en plantas de produccin̤.
|
| 506 |
1 |
|
|a Disponible solo en los productos indicados
|d vLex Global
|d vLex Global (Academic Edition, excluding Law Schools)
|d vLex Global (U.S. Academic Edition, Law Schools)
|d vLex Global (U.S. Academic Edition, excluding Law Schools)
|d vLex Global (Academic Edition, Law Schools)
|
| 650 |
0 |
4 |
|a Economa̕ y negocios
|z Colombia
|
| 740 |
0 |
|
|a vLex Libros (Servicio en ln̕ea)
|
| 856 |
4 |
0 |
|u https://vlex.com/source/innovacion-hacia-una-sociedad-creadora-de-soluciones-utiles-2da-edicion-ampliada-33394
|z Acceso restringido
|
| 942 |
|
|
|c BOOK
|
| 999 |
0 |
|
|a Economy and business
|